| 000 | 00450 a2200145 4500 | ||
|---|---|---|---|
| 020 | _aN/S | ||
| 040 | _aULA-LD-MS | ||
| 082 | _a658.3 | ||
| 100 |
_91062 _aSILVA ,Antonio ,Nkosi da |
||
| 245 | _aA Importancia Estrategica da Comunicaȧo Interna na Gestô de Recursos Humanos no uso das Novas Tecnogias de Informaȯ̂ | ||
| 260 |
_aLuanda, _bUniversidade Lusiada _c2024. |
||
| 300 | _a128p | ||
| 650 | _aGestô de Recursos Humanos | ||
| 942 | _cTFC | ||
| 999 |
_c2239 _d2239 |
||